000 00707nam a2200289Ia 4500
005 20260324131542.0
008 008 260324s9999 xx 000 0 eng d
020 _a9781032680729
037 _aEBOOK
040 _aCRL
040 _beng
040 _cCRL
041 _2eng
041 _aeng
084 _qCRL
100 _aMary Cowhey
_91185933
245 0 _aBlack Ants and Buddhists
245 0 _bThinking Critically and Teaching Differently in the Primary Grades
260 _bTaylor and Francis
260 _c2006
365 _a
365 _b120
856 _uhttp://www.taylorfrancis.com/books/9781032680729
942 _cEBOOK
999 _c1783205
_d1783205